Title in the Lyrics Quiz: Metallica - Statistics

General Stats
  • This quiz has been taken 207 times
  • The average score is 12 of 18
Answer Stats
Answer % Correct
{Master} {of} {Puppets} I'm pulling your strings, Twisting your mind and smashing your dreams
99%
Gimme {Fuel}, Gimme fire, Gimme that which I desire
87%
Now the world is gone, I'm just {One}, Oh God, help me, Hold my breath as I wish for death, Oh please, God, help me
85%
So close no matter how far, Couldn't be much more from the heart, Forever trusting who we are, And {Nothing} {Else} {Matters}
81%
I'm your dream, make you real, I'm your eyes when you must steal, I'm your pain when you can't feel, {Sad} {But} {True}
80%
Gone insane from the pain that they surely know, {For} {Whom} {the} {Bell} {Tolls}, Time marches on
78%
But the castle’s crumbled, And you’re left with just a name, Where’s your crown, {King} {Nothing}?
72%
Fortune, fame, Mirror vain, Gone insane, But {The} {Memory} {Remains}
67%
So let it be written, So let it be done, To kill the first born pharaoh son, I'm {Creeping} {Death}
65%
{Blackened} is the end, Winter it will send, Throwing all you see, Into obscurity
63%
Smashing through the boundaries, Lunacy has found me, Cannot stop the {Battery}
62%
Adrenaline starts to flow, You’re thrashing all around, Acting like a maniac, {Whiplash}
60%
Freezing, Can't move at all, Screaming, Can't hear my call, I am dying to live, Cry out, I'm {Trapped} {Under} {Ice}
57%
On through the dead of night, With {The} {Four} {Horsemen} ride, Or choose your fate and die
52%
Drain you of your sanity, Face {The} {Thing} {That} {Should} {Not} {Be}
46%
There’s things inside that scream and shout, And the pain still hates me, So hold me {Until} {it} {Sleeps}
40%
{Motorbreath}, It's how I live my life, I can't take it any other way
32%
They’re off to find the {Hero} {of} {the} {Day}, But what if they should fall by someone’s wicked way?
27%
No matching quizzes found
Score Distribution
Percent of People with Each Score
Percentile by Number Answered
Your Score History
You have not taken this quiz